000 00940nam a2200241Ia 4500
008 0000002006 sp ad 0000000000cat00
020 _a8484960218
090 _aPSP00 P83X
100 1 _aPuig, Eloi
245 1 3 _axevi Vilaró
_b: qiayaqsiruq
_c/ text Eloi Puig ; fotografia Carles Petri
300 _a[64] p.
_c/ 20 cm.
500 _aExposición realizada en Sala d'Exposiciónons de la Rambla, Gerona, abril 8 a mayo 28 de 2008 \ Registro auspiciado por la FGAA. Bogotá \ Texto en : Francés, Inglés y Español
600 0 0 _aVILARO, XEVI, 1975/
_xTRABAJOS PICTORICOS
650 1 4 _aACUARELA
650 1 4 _aARTE CONTEMPORANEO ESPAÑOL
650 1 4 _aARTISTAS PLASTICOS ESPAÑOLES EXPOSIONES
650 1 4 _xCATALOGOS
650 1 4 _xEXPOSICIONES
650 1 4 _aPINTORES ESPAÑOLES
650 1 4 _aPINTURA ESPAÑOLA
700 1 _aPetri, Carles
999 _c9324
_d9324
260 _aGirona, España : Sala d'Exposicions de la Rambla
_c2006